New york (Record no. 38246)

MARC details
000 -LEADER
fixed length control field 00698nam a2200157Ia 4500
022 ## - INTERNATIONAL STANDARD SERIAL NUMBER
ISSN TK 1 .I34/
050 ## - CALL MARK
Classification number IEEE Spectrum
245 #0 - TITLE STATEMENT
Title New york
260 ## - PUBLICATION, DISTRIBUTION, ETC. (IMPRINT)
Place of publication Mathworks
260 ## - PUBLICATION, DISTRIBUTION, ETC. (IMPRINT)
Name of publisher 2016
260 ## - PUBLICATION, DISTRIBUTION, ETC. (IMPRINT)
Year of publication 56 p. :ill. ; 27 cm.
300 ## - PHYSICAL DESCRIPTION
Number of Pages Electrical engineering--Periodicals. Electronics--Periodicals. Électrotechnique--Périodiques. Électronique--Périodiques. Commande automatique--Périodiques. Elektronica. Computers. Medische techniek. Electrical engineering. Electronics. Ingeniería eléctrica--Publicaciones periódicas. Electrónica--Publicaciones periódicas. Electronics--Periodicals.
650 ## - SUBJECT ADDED ENTRY--TOPICAL TERM
Topical Term SR

No items available.